00313nam a22001097a 4500082003000000100001400030245004500044260005200089300001700141526003700158650000800195 a621.3193bDOVcL-10, P-12 aDover A.T aPower wiring diagrams dover /cA.T Dover aLondon :bSIR ISAAC Pitman & Sons, Ltd.cc1917. axvi 216 p. : a0b0c0d621_319300000000000_DOV aMCE